|
|
|
|
| LEADER |
00908nam a2200229 4500 |
| 001 |
c000021505 |
| 003 |
CARM |
| 005 |
00000000000000.0 |
| 008 |
s1943 nyu 00010 eng d |
| 019 |
1 |
|
|a 8862414
|5 LACONCORD2021
|
| 035 |
|
|
|a (OCoLC)3176270
|5 LACONCORD2021
|
| 043 |
|
|
|a a-cc---
|
| 100 |
1 |
|
|a Chiang, May-ling Soong,
|d 1897-
|
| 245 |
1 |
0 |
|a We Chinese women :
|b speeches and writings during the first United nations year /
|c [by] Mayling Soong Chiang (Madame Chiang Kai-shek) February 12, 1942-November 16, 1942.
|
| 260 |
|
|
|a New York,
|c 1943.
|
| 300 |
|
|
|a 1 v.
|
| 650 |
|
0 |
|a World War, 1939-1945.
|
| 650 |
|
0 |
|a World War, 1939-1945
|z China.
|
| 852 |
8 |
|
|b CARM
|h A2:AF27A0
|i B01340
|p 0063242
|f BK
|
| 082 |
0 |
4 |
|a 940.953
|
| 999 |
f |
f |
|i 680749d6-63dd-5d8a-a91a-8f6df3943a53
|s 62a6b6c4-f0cd-5476-95df-1f3e4de5b315
|
| 952 |
f |
f |
|p Can circulate
|a CAVAL
|b CAVAL
|c CAVAL
|d CARM 1 Store
|e B01340
|f A2:AF27A0
|h Other scheme
|i book
|m 0063242
|